[Event "PRAGUE OPEN 2019 - A - IM open"]
[Site "Praha, Olympik hotel"]
[Date "2019.01.14"]
[Round "5"]
[White "Zhang, Xiaopeng"]
[Black "Chernyak, Viktoria"]
[Result "1-0"]
[BlackElo "2186"]
[WhiteElo "2299"]
[LiveChessVersion "1.4.8"]

1. d4  d5  2. c4  e6
 3. Nc3  Be7  4. Nf3
 Nf6  5. Bf4  O-O
 6. e3  b6  7. cxd5
 exd5  8. h3  Bb7
 9. Bd3  Nbd7  10. Qc2
 c5  11. dxc5  Nxc5
 12. O-O  Nxd3  13. Qxd3
 Rc8  14. Rfd1  Bb4
 15. Be5  Re8  16. Bxf6
 Qxf6  17. Nxd5  Bxd5
 18. Qxd5  Qxb2  19. Rab1
 Qa3  20. Ng5  Rc7
 21. Qb5  Rec8  22. Qxb4
 Qxa2  23. Rb2  Qa6
 24. Rbd2  1-0

[Event "PRAGUE OPEN 2019 - A - IM open"]
[Site "Praha, Olympik hotel"]
[Date "2019.01.14"]
[Round "5"]
[White "Xiang, Zeyu"]
[Black "Eriksson, Christian Altenburg"]
[Result "1-0"]
[BlackElo "2177"]
[WhiteElo "2440"]
[LiveChessVersion "1.4.8"]

1. d4  d5  2. c4  c6
 3. cxd5  cxd5  4. Bf4
 Nf6  5. Nc3  Nc6
 6. e3  Bf5  7. Qb3
 Na5  8. Qa4+  Bd7
 9. Qc2  Rc8  10. Bd3
 e6  11. Nf3  b5 
12. a3  Nc4  13. O-O  Be7
 14. h3  O-O  15. Ne5
 Be8  16. Rac1  a5
 17. Qe2  b4  18. axb4
 axb4  19. Nb1  Nd6
 20. Nd2  Qb6  21. Rxc8
 Nxc8  22. Ra1  Nd6
 23. Ra6  Qb7  24. Ra5
 Nfe4  25. Nb3  f6
 26. Ng4  h5  27. Nh2
 g5  28. Bxd6  Bxd6
 29. Nf1  Bf7  30. Bxe4
 dxe4  31. Qa6  Qe7
 32. Nc5  f5  33. Rb5
 Bxc5  34. dxc5  Rd8
 35. c6  Qe8  36. c7
 Rc8  37. Qxc8  1-0

[Event "PRAGUE OPEN 2019 - A - IM open"]
[Site "Praha, Olympik hotel"]
[Date "2019.01.14"]
[Round "5"]
[White "Lys, Josef"]
[Black "Roeder, Matthias"]
[Result "1/2-1/2"]
[WhiteElo "2134"]
[BlackElo "2396"]
[PlyCount "59"]
[EventDate "2019.01.11"]

1. d4 d5 2. c4 c6 3. Nc3 Nf6 4. Nf3 e6 5. e3 a6 6. a4 a5 7. Be2 g6 8. b3 Bb4 9.
Bb2 Ne4 10. Rc1 Na6 11. O-O Bxc3 12. Bxc3 Nxc3 13. Rxc3 Nb4 14. Ne5 O-O 15. f4
f6 16. Nd3 Qe7 17. Qd2 Bd7 18. Bf3 Be8 19. e4 dxe4 20. Bxe4 Rd8 21. Nxb4 Qxb4
22. Rd3 Qxd2 23. Rxd2 Bf7 24. Kf2 Rd7 25. Ke3 Rfd8 26. Rd3 Kg7 27. Rfd1 h6 28.
h4 f5 29. Bf3 Kf6 30. g3 1/2-1/2

[Event "PRAGUE OPEN 2019 - A - IM open"]
[Site "Praha, Olympik hotel"]
[Date "2019.01.14"]
[Round "5"]
[White "Adamko, Peter"]
[Black "Vokac, Marek"]
[Result "0-1"]
[WhiteElo "2109"]
[BlackElo "2380"]
[PlyCount "70"]
[EventDate "2019.01.11"]

1. e4 g6 2. d4 Bg7 3. Nc3 d6 4. Be3 a6 5. Qd2 b5 6. f3 Bb7 7. h4 Nd7 8. O-O-O
e6 9. h5 gxh5 10. Rxh5 Ngf6 11. Rh1 h5 12. Kb1 Qe7 13. Nge2 b4 14. Na4 a5 15.
c4 h4 16. Qc2 Nh5 17. c5 dxc5 18. Nxc5 Nxc5 19. dxc5 Bc6 20. Nd4 Bxd4 21. Bxd4
Rg8 22. Be3 Ng3 23. Rg1 Qf6 24. Bd4 e5 25. Bf2 Kf8 26. Bc4 Rg6 27. Bd5 a4 28.
Qc4 Rb8 29. Bxc6 Qxc6 30. Rd5 b3 31. a3 Qb5 32. Qxb5 Rxb5 33. Rxe5 Ne2 34. Rf1
Nf4 35. Bxh4 Nd3 0-1

[Event "PRAGUE OPEN 2019 - A - IM open"]
[Site "Praha, Olympik hotel"]
[Date "2019.01.14"]
[Round "5"]
[White "Gschnitzer, Oswald"]
[Black "Svrcek, Martin"]
[Result "1/2-1/2"]
[WhiteElo "2370"]
[BlackElo "2111"]
[PlyCount "47"]
[EventDate "2019.01.11"]

1. Nf3 e6 2. c4 f5 3. g3 Nf6 4. Bg2 d5 5. O-O Bd6 6. b3 Qe7 7. Bb2 O-O 8. Nc3
c6 9. d3 Nbd7 10. Qc2 Ng4 11. cxd5 exd5 12. e4 dxe4 13. dxe4 f4 14. Ne2 fxg3
15. hxg3 Nde5 16. Ned4 Nxf3+ 17. Bxf3 Be5 18. Bxg4 Bxg4 19. f4 Bxd4+ 20. Bxd4
Rfd8 21. Qc4+ Qf7 22. Qxf7+ Kxf7 23. Be3 Rd3 24. Kf2 1/2-1/2

[Event "PRAGUE OPEN 2019 - A - IM open"]
[Site "Praha, Olympik hotel"]
[Date "2019.01.14"]
[Round "5"]
[White "Kulkarni, Bhakti"]
[Black "Kristiansen, Willy"]
[Result "1/2-1/2"]
[WhiteElo "2303"]
[BlackElo "2060"]
[PlyCount "53"]
[EventDate "2019.01.11"]

1. Nf3 d5 2. c4 e6 3. e3 Nf6 4. d4 Be7 5. Nc3 O-O 6. Bd3 dxc4 7. Bxc4 c5 8. O-O
a6 9. dxc5 Bxc5 10. a3 b5 11. Ba2 Bb7 12. b4 Qxd1 13. Rxd1 Bxf3 14. gxf3 Be7
15. Bb2 Nbd7 16. Ne4 Rac8 17. Rac1 Rfd8 18. Bd4 Kf8 19. Kf1 Ke8 20. Ke2 Nxe4
21. fxe4 Bf6 22. f3 Rxc1 23. Rxc1 Ra8 24. Bb3 a5 25. Rc7 axb4 26. axb4 Be7 27.
Bxg7 1/2-1/2

[Event "PRAGUE OPEN 2019 - A - IM open"]
[Site "Praha, Olympik hotel"]
[Date "2019.01.14"]
[Round "5"]
[White "Sokolov, Ilia"]
[Black "Kozak, Antoni"]
[Result "0-1"]
[WhiteElo "2093"]
[BlackElo "2236"]
[PlyCount "48"]
[EventDate "2019.01.11"]

1. Nf3 Nf6 2. g3 c5 3. Bg2 Nc6 4. d4 cxd4 5. Nxd4 Qb6 6. Nb3 d5 7. Nc3 d4 8.
Ne4 Nxe4 9. Bxe4 Bh3 10. e3 Rd8 11. Qf3 h5 12. Bxc6+ bxc6 13. Nxd4 c5 14. Qc6+
Qxc6 15. Nxc6 Bg2 16. Nxd8 Bxh1 17. Bd2 Kxd8 18. Ba5+ Kc8 19. Rd1 Bc6 20. Rd8+
Kb7 21. b4 g6 22. c4 Bg7 23. b5 Rxd8 24. bxc6+ Kc8 0-1

[Event "PRAGUE OPEN 2019 - A - IM open"]
[Site "Praha, Olympik hotel"]
[Date "2019.01.14"]
[Round "5"]
[White "Mulenko, Alexander"]
[Black "Petersen, Peter Birk"]
[Result "1-0"]
[WhiteElo "2090"]
[BlackElo "2144"]
[PlyCount "49"]
[EventDate "2019.01.11"]

1. Nf3 c5 2. g3 Nc6 3. d4 cxd4 4. Nxd4 g6 5. Bg2 Bg7 6. Nb3 Nf6 7. O-O O-O 8.
c4 d6 9. Nc3 Be6 10. Nd5 Rc8 11. Bg5 Bxd5 12. cxd5 Ne5 13. Rc1 Qd7 14. Qd4 a6
15. Qb4 Rxc1 16. Rxc1 Rc8 17. Rxc8+ Qxc8 18. Na5 h6 19. Bf4 Qc2 20. Bxe5 Qd1+
21. Bf1 Nxd5 22. Qxb7 Bxe5 23. Nc6 Kg7 24. e4 Bd4 25. Qc8 1-0

[Event "PRAGUE OPEN 2019 - A - IM open"]
[Site "Praha, Olympik hotel"]
[Date "2019.01.14"]
[Round "5"]
[White "Haase, Pavel"]
[Black "Pycha, Patrik"]
[Result "1/2-1/2"]
[WhiteElo "2141"]
[BlackElo "1998"]
[PlyCount "57"]
[EventDate "2019.01.11"]

1. Nf3 d5 2. d4 c5 3. e3 Nf6 4. c3 e6 5. Ne5 Be7 6. Bd3 Nc6 7. f4 Nd7 8. O-O
cxd4 9. exd4 Qb6 10. Kh1 g6 11. Nd2 f6 12. Nxd7 Bxd7 13. f5 gxf5 14. Qh5+ Kd8
15. Nb3 Kc7 16. c4 dxc4 17. Bxc4 Rag8 18. Bf4+ Kc8 19. d5 Ne5 20. Rac1 Kb8 21.
Qe2 Ka8 22. Be3 Qd8 23. Rfd1 Ng4 24. Bg1 Qb8 25. Na5 Bc5 26. Ba6 bxa6 27. Rxc5
Bb5 28. Qxe6 Qxh2+ 29. Bxh2 1/2-1/2

[Event "PRAGUE OPEN 2019 - A - IM open"]
[Site "Praha, Olympik hotel"]
[Date "2019.01.14"]
[Round "5"]
[White "Kvaloy, Aksel Bu"]
[Black "Shyam, Prasad Reddy K"]
[Result "1/2-1/2"]
[WhiteElo "1914"]
[BlackElo "2137"]
[PlyCount "59"]
[EventDate "2019.01.11"]

1. e4 e5 2. Nf3 Nc6 3. Nc3 Nf6 4. d4 exd4 5. Nxd4 Bb4 6. Nxc6 bxc6 7. Bd3 O-O
8. O-O d5 9. exd5 cxd5 10. Bg5 c6 11. Na4 Be6 12. c3 Be7 13. Re1 Re8 14. Bc2
Qd6 15. Qd3 g6 16. Qd4 Nh5 17. Bxe7 Rxe7 18. Nc5 Rae8 19. Re3 Bc8 20. Rae1 Nf6
21. Rxe7 Rxe7 22. Rxe7 Qxe7 23. h3 Ne8 24. Ba4 Nd6 25. Bxc6 Nf5 26. Qxd5 Qe1+
27. Kh2 Qxf2 28. Qe5 Ne3 29. Qe8+ Kg7 30. Qe5+ 1/2-1/2

[Event "PRAGUE OPEN 2019 - A - IM open"]
[Site "Praha, Olympik hotel"]
[Date "2019.01.14"]
[Round "5"]
[White "Risch, Michel"]
[Black "Mishuchkov, Nikolai"]
[Result "0-1"]
[WhiteElo "2086"]
[BlackElo "2308"]
[PlyCount "60"]
[EventDate "2019.01.11"]

1. d4 Nf6 2. c4 e6 3. Nc3 Bb4 4. e3 O-O 5. Nf3 b6 6. Bd3 Bb7 7. a3 Bxc3+ 8.
bxc3 Be4 9. O-O Nc6 10. Be2 Na5 11. Nd2 Bg6 12. f4 Ne4 13. Nxe4 Bxe4 14. Bd3
Bxd3 15. Qxd3 d5 16. cxd5 exd5 17. e4 dxe4 18. Qxe4 Re8 19. Qf3 c6 20. f5 f6
21. Qg3 Qd7 22. Bh6 Kh8 23. Bc1 Qd5 24. h4 Re2 25. Qf3 Rae8 26. Qxd5 cxd5 27.
Rb1 Nc4 28. Rb5 Rd8 29. Rf2 Rxf2 30. Kxf2 Nd6 0-1

[Event "PRAGUE OPEN 2019 - A - IM open"]
[Site "Praha, Olympik hotel"]
[Date "2019.01.14"]
[Round "5"]
[White "Csiki, Endre"]
[Black "Brhel, Jan"]
[Result "1-0"]
[WhiteElo "2264"]
[BlackElo "2095"]
[PlyCount "61"]
[EventDate "2019.01.11"]

1. e4 e5 2. Nf3 d6 3. d4 exd4 4. Nxd4 Nf6 5. Nc3 Be7 6. g3 O-O 7. Bg2 Re8 8.
O-O Bf8 9. Re1 c5 10. Nde2 Nc6 11. b3 Rb8 12. a4 a6 13. Bb2 b5 14. axb5 axb5
15. Nf4 Nb4 16. Qd2 Bd7 17. Rad1 Qc8 18. Nb1 Ng4 19. Nd3 Nxd3 20. cxd3 Be6 21.
b4 cxb4 22. f4 f5 23. Rc1 Qd8 24. exf5 Qb6+ 25. d4 Bxf5 26. Qxb4 Ne3 27. Qb3+
Nc4 28. Bd5+ Kh8 29. Rxe8 Rxe8 30. Bxc4 Qa5 31. Bf1 1-0

[Event "PRAGUE OPEN 2019 - B - FIDE open"]
[Site "Praha, Olympik hotel"]
[Date "2019.01.14"]
[Round "5"]
[White "Ziabari, Morteza"]
[Black "Tushar, Anand"]
[Result "0-1"]
[WhiteElo "1927"]
[BlackElo "1948"]
[PlyCount "54"]
[EventDate "2019.01.11"]

1. e4 c5 2. Nc3 e6 3. Nf3 Nc6 4. d4 cxd4 5. Nxd4 Nf6 6. Be3 Bb4 7. f3 d5 8.
Nxc6 bxc6 9. e5 Nd7 10. f4 Qa5 11. Bd2 Qb6 12. Qg4 g6 13. a3 Bc5 14. Qg3 Qxb2
15. Ra2 Qb6 16. Bd3 Ba6 17. Ke2 Bxd3+ 18. cxd3 Qa6 19. Rb1 Rb8 20. Rxb8+ Nxb8
21. f5 exf5 22. e6 O-O 23. exf7+ Kxf7 24. Qc7+ Be7 25. Bg5 Re8 26. Kd2 Qb6 27.
Qxb6 Bxg5+ 0-1

[Event "PRAGUE OPEN 2019 - B - FIDE open"]
[Site "Praha, Olympik hotel"]
[Date "2019.01.14"]
[Round "5"]
[White "Manukyan, Mariam A"]
[Black "Hadzala, Daniel"]
[Result "0-1"]
[WhiteElo "1777"]
[BlackElo "2023"]
[PlyCount "140"]
[EventDate "2019.01.11"]

1. b3 d6 2. Bb2 Nd7 3. d3 e5 4. Nd2 Ngf6 5. Ngf3 c6 6. g3 Be7 7. Bg2 Qc7 8. c4
O-O 9. O-O Re8 10. a3 Bf8 11. Qc2 a5 12. e4 Qb6 13. Nh4 Nc5 14. Bc3 Ne6 15.
Ndf3 Nd4 16. Nxd4 exd4 17. Bd2 Nd7 18. b4 axb4 19. axb4 Rxa1 20. Rxa1 Ne5 21.
Ra8 Bd7 22. Rxe8 Bxe8 23. Nf3 Qa6 24. Nxe5 dxe5 25. Bh3 Qa3 26. c5 Qa6 27. f4
b6 28. fxe5 bxc5 29. bxc5 Qb5 30. e6 f6 31. Qa2 Be7 32. Qc4 Qxc4 33. dxc4 Bxc5
34. Kf2 Kf8 35. Kf3 Ke7 36. Ke2 Bd6 37. Kd3 c5 38. Bf4 Bc6 39. Bf5 h6 40. Bc1
Bb7 41. Ba3 Bc8 42. g4 Bxe6 43. h3 Bf7 44. Bc1 Bg3 45. Bd2 Be8 46. Ba5 g5 47.
Bb6 Be5 48. Ba5 h5 49. gxh5 Bxh5 50. Be1 Bf4 51. Ba5 Bf3 52. Be1 Kf7 53. Ba5
Bd6 54. Bb6 Be7 55. Bc7 Bh5 56. e5 fxe5 57. Bxe5 Bf3 58. Kd2 Bg2 59. Ke2 d3+
60. Kxd3 Bf1+ 61. Kc3 Bf6 62. Bxf6 Kxf6 63. Bg4 Ke5 64. Kb3 Bd3 65. Bc8 Bf5 66.
Bb7 Bxh3 67. Ka4 Bd7+ 68. Ka5 g4 69. Kb6 Kd4 70. Bd5 g3 0-1

[Event "PRAGUE OPEN 2019 - B - FIDE open"]
[Site "Praha, Olympik hotel"]
[Date "2019.01.14"]
[Round "5"]
[White "Rocks, Daniel"]
[Black "Wilk, Igor"]
[Result "1-0"]
[WhiteElo "2022"]
[BlackElo "1558"]
[PlyCount "57"]
[EventDate "2019.01.11"]

1. d4 d5 2. Nf3 Nf6 3. Bf4 e6 4. Nbd2 Bd6 5. Ne5 c5 6. c3 Nc6 7. Nxc6 bxc6 8.
Bxd6 Qxd6 9. e3 cxd4 10. cxd4 e5 11. dxe5 Qxe5 12. Qc2 Qd6 13. Rc1 Bd7 14. Qc5
Qxc5 15. Rxc5 Ke7 16. Bd3 Rab8 17. Rc2 c5 18. b3 Kd6 19. O-O Rhe8 20. Rd1 Rbc8
21. e4 d4 22. Nc4+ Kc6 23. e5 Nd5 24. Be4 Re7 25. b4 Be6 26. Nd6 Rb8 27. Rxc5+
Kd7 28. Bxd5 Rxb4 29. Bxe6+ 1-0

[Event "PRAGUE OPEN 2019 - B - FIDE open"]
[Site "Praha, Olympik hotel"]
[Date "2019.01.14"]
[Round "5"]
[White "Ochman, Tomas"]
[Black "Watarkar, Yash"]
[Result "0-1"]
[WhiteElo "1853"]
[BlackElo "1495"]
[PlyCount "52"]
[EventDate "2019.01.11"]

1. Nf3 d5 2. c4 d4 3. b4 f6 4. e3 e5 5. Nxe5 fxe5 6. Qh5+ Ke7 7. Qxe5+ Kf7 8.
c5 Be6 9. Bb2 Nf6 10. Na3 Nc6 11. Qf4 Nxb4 12. Bxd4 Be7 13. Rb1 Nbd5 14. Qg3 b6
15. cxb6 Bxa3 16. e4 Nxb6 17. Bxb6 axb6 18. e5 Re8 19. Be2 Qxd2+ 20. Kxd2 Ne4+
21. Ke3 Nxg3 22. hxg3 Bc5+ 23. Kf4 h6 24. Rxh6 gxh6 25. Bh5+ Kg7 26. Bxe8 Rxe8
0-1

[Event "PRAGUE OPEN 2019 - B - FIDE open"]
[Site "Praha, Olympik hotel"]
[Date "2019.01.14"]
[Round "5"]
[White "Hager, Eberhard"]
[Black "Pucholt, Martin"]
[Result "1/2-1/2"]
[WhiteElo "1765"]
[BlackElo "1553"]
[PlyCount "47"]
[EventDate "2019.01.11"]

1. e4 c5 2. Nf3 d6 3. d4 cxd4 4. Nxd4 Nf6 5. Nc3 a6 6. Be2 e5 7. Nb3 Be6 8. O-O
Be7 9. Be3 Nbd7 10. f3 h5 11. Qe1 Qc7 12. Rc1 d5 13. exd5 Nxd5 14. Nxd5 Bxd5
15. Qf2 Rc8 16. Bd3 Bc4 17. Rfd1 g6 18. Qe2 Be6 19. Qd2 Nf6 20. Bg5 Nd5 21.
Bxe7 Nxe7 22. Qg5 h4 23. Re1 Rh5 24. Qd2 1/2-1/2

[Event "PRAGUE OPEN 2019 - B - FIDE open"]
[Site "Praha, Olympik hotel"]
[Date "2019.01.14"]
[Round "5"]
[White "Taisl, Lubomir"]
[Black "Loibl, Johann"]
[Result "0-1"]
[WhiteElo "1229"]
[BlackElo "1712"]
[PlyCount "47"]
[EventDate "2019.01.11"]

1. Nf3 Nc6 2. g3 d5 3. Bg2 e5 4. d3 Nf6 5. O-O Be7 6. Nbd2 Bg4 7. c4 Qd7 8. Re1
O-O 9. a3 Rad8 10. b4 e4 11. dxe4 dxe4 12. Ng5 Qd4 13. Rb1 e3 14. Rf1 exd2 15.
Bb2 Qxc4 16. f3 Bc8 17. Rf2 h6 18. Ne4 Nxe4 19. fxe4 Bg4 20. Kh1 Nd4 21. Bf1
Be6 22. Bxd4 Qxd4 23. Rf3 Qxe4 24. Bg2 0-1

[Event "PRAGUE OPEN 2019 - B - FIDE open"]
[Site "Praha, Olympik hotel"]
[Date "2019.01.14"]
[Round "5"]
[White "Vorsilka, Jiri"]
[Black "Chaloupka, Josef"]
[Result "1/2-1/2"]
[WhiteElo "1552"]
[BlackElo "1759"]
[PlyCount "75"]
[EventDate "2019.01.11"]

1. e4 e5 2. Nc3 Nc6 3. Bc4 Nf6 4. d3 h6 5. f4 exf4 6. Bxf4 d6 7. Nge2 Be7 8.
O-O O-O 9. Qe1 Na5 10. Bb3 Nxb3 11. axb3 Nh5 12. Be3 a6 13. Nf4 Nxf4 14. Bxf4
Be6 15. Nd5 Bxd5 16. exd5 Bf6 17. c3 Bg5 18. Qd2 Bxf4 19. Qxf4 Qd7 20. Qa4 Qd8
21. Rae1 Re8 22. Re4 Re5 23. Rxe5 dxe5 24. Qe4 Qd6 25. Re1 f6 26. Re3 Rd8 27.
c4 Qb6 28. d4 exd4 29. Rd3 c5 30. Qe7 Kh8 31. Rg3 Rg8 32. d6 Qa5 33. d7 Qa1+
34. Kf2 Qxb2+ 35. Kf1 Qa1+ 36. Kf2 Qa2+ 37. Kf1 Qb1+ 38. Kf2 1/2-1/2

[Event "PRAGUE OPEN 2019 - B - FIDE open"]
[Site "Praha, Olympik hotel"]
[Date "2019.01.14"]
[Round "5"]
[White "Simkin, Alexander"]
[Black "Shatil, Shir"]
[Result "1/2-1/2"]
[WhiteElo "1742"]
[BlackElo "1512"]                                          
[PlyCount "46"]
[EventDate "2019.01.11"]

1. Nf3 Nf6 2. g3 g6 3. Bg2 Bg7 4. c4 c5 5. O-O e6 6. Nc3 Nc6 7. Re1 O-O 8. e3
d5 9. cxd5 exd5 10. d4 cxd4 11. exd4 Re8 12. Rxe8+ Qxe8 13. Nb5 Qe7 14. Bf4 Bf5
15. a3 a6 16. Nc3 Rd8 17. Rc1 Ne4 18. Be3 Bg4 19. h3 Bxf3 20. Bxf3 f5 21. Bg2
Re8 22. Qb3 Qf7 23. Rd1 Na5 1/2-1/2

[Event "PRAGUE OPEN 2019 - B - FIDE open"]
[Site "Praha, Olympik hotel"]
[Date "2019.01.14"]
[Round "5"]
[White "Keerthana, Easwar"]
[Black "Smietanska, Wiktoria"]
[Result "0-1"]
[WhiteElo "1320"]
[BlackElo "1503"]
[PlyCount "88"]
[EventDate "2019.01.11"]

1. e4 c5 2. Nf3 d6 3. d4 cxd4 4. Nxd4 Nf6 5. Nc3 a6 6. Be2 e5 7. Nb3 Be6 8. O-O
Be7 9. Kh1 Nc6 10. f4 b5 11. f5 Bc8 12. g4 b4 13. Nd5 Rb8 14. Nxe7 Qxe7 15. Bd3
Bb7 16. g5 Nd7 17. f6 gxf6 18. gxf6 Qe6 19. Bh6 Qh3 20. Bg7 Rg8 21. Qf3 Qxf3+
22. Rxf3 Nf8 23. Rh3 Ne6 24. Rxh7 Ncd4 25. Na5 Ba8 26. Rg1 d5 27. Rg4 dxe4 28.
Bxe4 Ng5 29. Rhh4 Nxe4 30. Rxe4 Rc8 31. Kg1 Nf3+ 32. Kf2 Nxh4 33. Rxh4 Rxc2+
34. Kg3 e4 35. Kf4 Kd7 36. Ke3 Rxb2 37. Nc4 Rxa2 38. Nb6+ Kd6 39. Nxa8 Rxa8 40.
Rxe4 Rb8 41. h4 b3 42. Rd4+ Kc5 43. Rd1 b2 44. Rb1 Ra1 0-1

[Event "PRAGUE OPEN 2019 - A - IM open"]
[Site "Praha, Olympik hotel"]
[Date "2019.01.15"]
[Round "6"]
[White "Postny, Evgeny"]
[Black "Lin, Yi"]
[Result "1-0"]
[BlackElo "2359"]
[WhiteElo "2623"]
[LiveChessVersion "1.4.8"]

1. d4  Nf6  2. c4  e6
 3. Nf3  d5  4. Nc3
 Be7  5. Bg5  O-O
 6. e3  Nbd7  7. Rc1
 b6  8. cxd5  exd5
 9. Bd3  Bb7  10. O-O
 h6  11. Bf4  c5 
12. h3  a6  13. Bf5  Re8
 14. Ne5  Nf8  15. Qf3
 Bd6  16. Bxh6  Bxe5
 17. dxe5  gxh6  18. exf6
 Qxf6  19. Nxd5  Bxd5
 20. Qxd5  Rad8  21. Qf3
 Qxb2  22. Rc4  Qf6
 23. Rf4  Qe5  24. Qh5
 Qf6  25. Bh7+  Nxh7
 26. Rxf6  Nxf6  27. Qxh6
 Rd6  28. Rc1  Ne4
 29. Qf4  Rf6  30. Qg4+
 Kf8  31. f3  Rg6
 32. Qd7  Ng5  33. Kf2
 Ne6  34. Rd1  c4
 35. Qd6+  Kg8  36. Qc6
 1-0

[Event "PRAGUE OPEN 2019 - A - IM open"]
[Site "Praha, Olympik hotel"]
[Date "2019.01.15"]
[Round "6"]
[White "Liu, Zhaoqi"]
[Black "Kacharava, Nikolozi"]
[Result "0-1"]
[BlackElo "2397"]
[WhiteElo "2300"]
[LiveChessVersion "1.4.8"]

1. c4  e5  2. Nc3  Nc6
 3. g3  g6  4. Bg2
 Bg7  5. Nf3  d6 
6. d3  Nf6  7. O-O  O-O
 8. Rb1  a5  9. a3
 Re8  10. Bd2  Nd4
 11. b4  axb4  12. axb4
 Bg4  13. e3  Nxf3+
 14. Bxf3  Bxf3  15. Qxf3
 c6  16. e4  Qd7 
17. Ra1  h5  18. h4  Qe6
 19. Kg2  Nd7  20. Qe2
 Kh7  21. Be3  Rf8
 22. b5  Bh6  23. Bxh6
 Kxh6  24. Qe3+  Kg7
 25. bxc6  bxc6  26. Ne2
 Rfb8  27. Rxa8  Rxa8
 28. Rd1  Ra3  29. Qc1
 Ra2  30. Rd2  Ra8
 31. Qc3  Nf6  32. f3
 d5  33. cxd5  cxd5
 34. Rc2  d4  35. Qc7
 Ra3  36. Nc1  Ne8
 37. Qb8  Nf6  38. Qd8
 Qd7  39. Qb8  Ra5
 40. Rc7  Rb5  41. Rxd7
 Rxb8  42. Re7  Rb2+
 43. Kf1  Rb1  44. Rc7
 Ne8  45. Rc5  Nd6
 46. Ke1  Nb5  47. Kd2
 f6  48. Ne2  Rb2+
 49. Rc2  Rb3  50. Rc6
 Rb2+  51. Rc2  Rb1
 52. Rc1  Rb4  53. Rc6
 Na3  54. Rc7+  Kf8
 55. Ra7  Rb2+  56. Kd1
 Nb1  57. Ke1  Nd2
 58. Kf2  Rb3  59. Nc1
 Rc3  60. Ke2  Nxe4
 61. fxe4  Rxc1  62. Ra6
 Kg7  63. Ra7+  Kf8
 64. Ra6  Kg7  65. Ra7+
 Kh6  66. Ra6  Rc2+
 67. Kf3  Rd2  68. Ra3
 g5  69. hxg5+  Kxg5
 70. Rb3  Kg6  71. Ra3
 Kf7  72. Ra7+  Ke6
 73. Ra6+  Ke7  74. Ra3
 Kd6  75. Ra6+  Ke7
 76. Ra7+  Kd6  77. Ra6+
 Kc5  78. Rxf6  Rxd3+
 79. Kf2  Re3  80. Rf5
 Rxe4  81. Rxh5  d3
 82. g4  Kd4  83. g5
 d2  84. Rh1  Kd3
 85. g6  Rg4  86. Rh8
 d1=Q  87. Rd8+  Rd4
 0-1

[Event "PRAGUE OPEN 2019 - A - IM open"]
[Site "Praha, Olympik hotel"]
[Date "2019.01.15"]
[Round "6"]
[White "Zhang, Ziji"]
[Black "Pechac, Jergus"]
[Result "1-0"]
[BlackElo "2472"]
[WhiteElo "2387"]
[LiveChessVersion "1.4.8"]

1. d4  d6  2. e4  Nf6
 3. Nc3  g6  4. Nf3
 Bg7  5. Be2  O-O
 6. O-O  a6  7. Re1
 b5  8. e5  Ne8 
9. a4  b4  10. Nd5  Nc6
 11. Bf4  Bb7  12. Ne3
 Na5  13. Ng4  c5
 14. dxc5  dxc5  15. Qc1
 Qd5  16. Bh6  Nc6
 17. Bxg7  Nxg7  18. Bd3
 Ne6  19. Be4  Qd7
 20. c3  h5  21. Rd1
 Qc8  22. Ne3  Nf4
 23. Kh1  Kh7  24. Nc4
 Qg4  25. Ne3  Qc8
 26. cxb4  Nxb4  27. Bxb7
 Qxb7  28. Nf5  Qc8
 29. e6  gxf5  30. Qxf4
 fxe6  31. Qh4  Rf6
 32. Qxh5+  Kg7  33. Qg5+
 Kh8  34. Qh4+  Kg7
 35. Ne5  Qe8  36. Qg5+
 Kh7  37. Ra3  Rh6
 38. Rd7  Nd5  39. Rxd5
 1-0

[Event "PRAGUE OPEN 2019 - A - IM open"]
[Site "Praha, Olympik hotel"]
[Date "2019.01.15"]
[Round "6"]
[White "Wang, Yiye"]
[Black "Cerveny, Petr"]
[Result "1/2-1/2"]
[BlackElo "2318"]
[WhiteElo "2443"]
[LiveChessVersion "1.4.8"]

1. Nf3  d6  2. d4  Nf6
 3. g3  g6  4. Bg2
 Bg7  5. O-O  O-O
 6. b3  c5  7. c4
 Nc6  8. Bb2  cxd4
 9. Nxd4  Bd7  10. Nc3
 Qa5  11. e3  Rfc8
 12. Rc1  Rab8  13. a3
 a6  14. b4  Qd8 
15. Nd5  Ne5  16. Nxf6+  Bxf6
 17. c5  dxc5  18. bxc5
 Qa5  19. f4  Nc6
 20. Nb3  Qa4  21. Bxf6
 exf6  22. Nd4  Nxd4
 23. Qxd4  Bc6  24. Qxa4
 Bxa4  25. Rc3  Bc6
 26. Rb1  f5  27. Rb6
 Bxg2  28. Kxg2  Rc6
 29. Kf3  Rbc8  1/2-1/2

[Event "PRAGUE OPEN 2019 - A - IM open"]
[Site "Praha, Olympik hotel"]
[Date "2019.01.15"]
[Round "6"]
[White "Frolov, Artur"]
[Black "Zhang, Xiaopeng"]
[Result "1-0"]
[BlackElo "2299"]
[WhiteElo "2430"]
[LiveChessVersion "1.4.8"]

1. e4  c5  2. Nf3  d6
 3. Bb5+  Nd7  4. c4
 Ngf6  5. Nc3  g6
 6. O-O  Bg7  7. d3
 O-O  8. Ba4  b6 
9. Bf4  Nh5  10. Be3  Ne5
 11. Nxe5  dxe5  12. Qd2
 Bd7  13. Bd1  Nf6
 14. a3  a5  15. h3
 Bc6  16. Ba4  Rc8
 17. b4  axb4  18. axb4
 cxb4  19. Nd5  Nxd5
 20. cxd5  Bxa4  21. Rxa4
 b5  22. Rxb4  Qa5
 23. Rfb1  Rb8  24. Qb2
 Rfc8  25. Rxb5  Rxb5
 26. Qxb5  Qxb5  27. Rxb5
 f5  28. Bc5  Bf6
 29. g4  fxe4  30. dxe4
 Kf7  31. Kg2  h5
 32. Kf3  hxg4+  33. hxg4
 Rc7  34. Ke2  Rd7
 35. Rb6  Rc7  36. Be3
 Rc4  37. g5  Bg7
 38. Rb7  Kf8  39. Kd3
 Rc8  40. Bd2  Ke8
 41. d6  1-0

[Event "PRAGUE OPEN 2019 - A - IM open"]
[Site "Praha, Olympik hotel"]
[Date "2019.01.15"]
[Round "6"]
[White "Gomes, Mary Ann"]
[Black "Liu, Guanchu"]
[Result "1/2-1/2"]
[BlackElo "2425"]
[WhiteElo "2296"]
[LiveChessVersion "1.4.8"]

1. Nf3  e6  2. c4  Nf6
 3. g3  b6  4. Bg2
 Bb7  5. O-O  Be7
 6. b3  O-O  7. Bb2
 c5  8. e3  d5 
9. Qe2  Nc6  10. d3  Qc7
 11. Nc3  Rad8  12. Rfd1
 Qb8  13. cxd5  exd5
 14. d4  Rfe8  15. Qc2
 cxd4  16. Nxd4  Nxd4
 17. exd4  Bb4  18. a3
 Bxc3  19. Bxc3  Ne4
 20. Bd2  Ba6  21. Bf4
 Qb7  22. Rac1  Rc8
 23. Qb2  h6  24. Bh3
 Rxc1  25. Rxc1  Ng5
 26. Bxg5  hxg5  27. Bg2
 Qd7  28. h3  Qf5
 29. Qc3  Rc8  1/2-1/2

[Event "PRAGUE OPEN 2019 - A - IM open"]
[Site "Praha, Olympik hotel"]
[Date "2019.01.15"]
[Round "6"]
[White "Spiess, Gunter"]
[Black "Kulhanek, Tomas"]
[Result "1/2-1/2"]
[BlackElo "2303"]
[WhiteElo "2414"]
[LiveChessVersion "1.4.8"]

1. Nf3  g6  2. d4  Bg7
 3. c4  d6  4. Nc3
 e5  5. e4  Nc6 
6. Bg5  f6  7. Be3  Nh6
 8. h3  Nf7  9. Qd2
 f5  10. exf5  gxf5
 11. g3  O-O  12. Bg2
 e4  13. Ng1  Ne7
 14. Nge2  d5  15. cxd5
 Nxd5  16. Nxd5  Qxd5
 17. O-O  Bd7  18. Rfc1
 c6  19. Qb4  b6 
20. a4  Rfc8  21. Bf1  c5
 22. dxc5  bxc5  23. Rxc5
 Rxc5  24. Qxc5  Qxc5
 25. Bxc5  Bxb2  26. Rb1
 Be5  27. a5  Rb8
 28. Rxb8+  Bxb8  29. Nd4
 Ne5  30. f4  Nd3
 31. Bxd3  exd3  32. Kf2
 Bc7  33. Bb4  Bd8
 34. Ke3  Bf6  35. Kxd3
 Bxd4  36. Kxd4  a6
 37. Ke5  Kf7  1/2-1/2